000 00721cam a2200205 4500500
005 20260111080243.0
041 _afre
042 _adc
100 1 0 _aPezziardi, André
_eauthor
700 1 0 _aBrunet, Jean-François
_eauthor
245 0 0 _aANAFI, l’outil d’analyse financière des chambres régionales des comptes
260 _c2018.
500 _a9
690 _aanalyse financière
690 _achambres régionales des comptes
690 _afinances locales
690 _alogiciel ANAFI
786 0 _nGestion & Finances Publiques | 1 | 1 | 2018-01-01 | p. 28-37 | 1969-1009
856 4 1 _uhttps://droit.cairn.info/revue-gestion-et-finances-publiques-2018-1-page-28?lang=fr&redirect-ssocas=7080
999 _c1616056
_d1616056